| 000 | 01040nam0a22002891 4500 | ||
|---|---|---|---|
| 001 | v19\rc\1825783 | ||
| 005 | 20260406085724.0 | ||
| 035 | _a(NLR Aleph) 004939524 | ||
| 090 |
_a5766024 _c5766024 |
||
| 100 | _a20071224d1907 u y0rusy50 ca | ||
| 101 | 0 | _arus | |
| 102 | _aRU | ||
| 105 | _ay z ||||| | ||
| 200 | 1 |
_aПовреждения сосудов Русско-Японской войны _fПроф. Цеге Мантейфель |
|
| 210 |
_aЮрьев _cтип. Э. Боргмана _d1907 |
||
| 215 |
_a16 с. _d25 |
||
| 700 | 1 |
_7ca _8rus _aЦеге фон Мантейфель _bВ. Г. _f1857-1926 _gВернер Германович _3RU\NLR\AUTH\770280308 _92652275 |
|
| 790 | 1 |
_aМантейфель _bВ.Г.Ц. фон _f1857-1926 _gВернер Германович Цеге фон |
|
| 801 | 0 |
_aRU _bNLR _gpsbo |
|
| 801 | 0 |
_aRU _bRuMoRGB _2psbo |
|
| 801 | 1 |
_aRU _bProSoft-M _2rusmarc |
|
| 852 |
_aNLR _j20.94.8.222 |
||
| 899 |
_aRuMoRGB _jV 112/1440 |
||
| 899 |
_aRuMoRGB _jΔ 454/27 |
||
| 899 | _aБАН | ||
| 942 | _cBOOK | ||
| 980 | _aNB | ||